00568nam a2200193Ia 450000500170000000800410001704000190005804100120007708200200008910000250010924500800013426000390021430000110025344000280026450400300029265000180032270000240034085000100036420240812092226.0131103s9999 xx 000 0 und d aLoreto College aEnglish a822.33bSHA-HAR aShakespeare, William 4aThe two gentlemen of VeronacWilliam Shakespeare; edited by Harrison, G. B. aHarmondsworthbPenguin Booksc1956 a107p.  aThe penguin Shakespeare aIncludes glossary & notes aEnglish drama aHarrison, G.B.; ed. aLCBED